[Event "Ostfold-ch"]
[Site "Mysen"]
[Date "2002.03.02"]
[Round "3"]
[White "Fjellengen, Bard"]
[Black "Mosbye, Karl"]
[Result "0-1"]
[WhiteElo "1723"]
[BlackElo "1744"]
[PlyCount "78"]
[EventDate "2002.03.01"]
[EventType "swiss"]
[EventRounds "6"]
[EventCountry "NOR"]
[SourceTitle "EXT 2009"]
[Source "ChessBase"]
[SourceDate "2008.11.26"]
[SourceVersion "1"]
[SourceVersionDate "2008.11.26"]
[SourceQuality "1"]

1. d4 f5 2. g3 Nf6 3. Bg2 g6 4. c4 Bg7 5. Nc3 c6 6. Nf3 Ne4 7. Qb3 Nxc3 8. bxc3 d6 9. 0-0 e5 10. c5 e4 11. Ng5 d5 12. Kh1 h6 13. Nh3 g5 14. e3 Na6 15. Ng1 Nc7 16. a4 h5 17. f4 g4 18. h4 gxh3 19. Bxh3 h4 20. gxh4 Qxh4 21. Qc2 Be6 22. Rb1 Rb8 23. Rf2 Kd7 24. Rh2 Qe7 25. Ba3 Ne8 26. Rb2 Nf6 27. Qb1 Kc8 28. a5 a6 29. Rbg2 Nh5 30. Qd1 Qf7 31. Rg5 Bf6 32. Bxf5 Bxg5 33. Bxe6+ Qxe6 34. Rxh5 Rxh5+ 35. Qxh5 Qh6 36. Qh3+ Qxh3+ 37. Nxh3 Bd8 38. Bb4 Kd7 39. Kg2 Ke6 0-1